United we stand : how we can take back our country (Record no. 36785)

MARC details
000 -LEADER
fixed length control field 00552nam a2200181Ia 4500
020 ## - INTERNATIONAL STANDARD BOOK NUMBER
ISBN 1562828525
050 ## - CALL MARK
Classification number E 884 .P47/
100 ## - STATEMENT OF RESPONSIBILITY--MAIN AUTHOR NAME
Personal name Perot, H. Ross, 1930-
245 #0 - TITLE STATEMENT
Title United we stand : how we can take back our country
260 ## - PUBLICATION, DISTRIBUTION, ETC. (IMPRINT)
Place of publication New York
260 ## - PUBLICATION, DISTRIBUTION, ETC. (IMPRINT)
Name of publisher Hyperion
260 ## - PUBLICATION, DISTRIBUTION, ETC. (IMPRINT)
Year of publication 1992
300 ## - PHYSICAL DESCRIPTION
Number of Pages 118 p
650 ## - SUBJECT ADDED ENTRY--TOPICAL TERM
Topical Term Presidents_United States_Election_1992 United States_Politics and government_1989-1993 United States_Economic policy_1981-1993
942 ## - ADDED ENTRY ELEMENTS (KOHA)
Koha item type Books
Holdings
Withdrawn status Lost status Source of classification or shelving scheme Damaged status Not for loan Permanent Location Current Location Date acquired Accession Number Price effective from Koha item type
    Library of Congress Classification     NILE UNIVERSITY OF NIGERIA - MAIN LIBRARY NILE UNIVERSITY OF NIGERIA - MAIN LIBRARY 04/23/2025 0010351 04/23/2025 Books